Latin | English |
defendo, defendere, defendi, defensus | defend | | 98.1% | e, ex + ablative | from | | 96.2% | mater, matris | mother | | 96.2% | festino, festinare, festinavi | hurry | | 94.3% | heri | yesterday | | 94.3% | navis, navis | ship | | 92.5% | saluto, salutare, salutavi, salutatus | greet | | 92.5% | angustus, angusta, angustum | narrow | | 90.6% | campus, campi | plain | | 90.6% | canis, canis | dog | | 90.6% | pono, ponere, posui, positus | put | | 88.7% | a, ab + ablative | from | | 86.8% | labor, laboris | work | | 86.8% | medius, media, medium | middle | | 86.8% | templum, templi | temple | | 86.8% | annus, anni | year | | 86.8% | condo, condere, condidi, conditus | found | | 84.9% | labor, labi, lapsus sum | glide | | 84.9% | volo, velle, volui | want | | 84.9% | sanguis, sanguinis | blood | | 84.9% | animus, animi | spirit | | 84.9% | hic, haec, hoc | this | | 84.9% | laboro, laborare, laboravi, laboratus | work | | 84.9% | populus, populi | people | | 84.9% | vox, vocis | voice | | 84.9% | tempestas, tempestatis | weather | | 83% | vos, vestrum | you | | 83% | deinde, dein | then | | 83% | promitto, promittere, promisi, promissus | promise | | 83% | sapiens, sapientis | wise | | 83% | ac, atque | and | | 83% | capio, capere, cepi, captus | take | | 83% | deleo, delere, delevi, deletus | destroy | | 83% | proficiscor, proficisci, profectus sum | set out | | 81.1% | solum | only | | 81.1% | telum, teli | weapon | | 81.1% | pons, pontis | bridge | | 81.1% | quoque | also | | 81.1% | solus, sola, solum | alone | | 81.1% | cano, canere, cecini, cantus | sing | | 81.1% | mens, mentis | mind | | 81.1% | paro, parare, paravi, paratus | prepare | | 81.1% | fidelis, fidele | trustworthy | | 79.2% | absum, abesse, afui | be absent | | 79.2% | effugio, effugere, effugi | escape | | 79.2% | utor, uti, usus sum + ablative | use | | 79.2% | pareo, parere, parui + dative | obey | | 77.4% | uterque, utraque, utrumque | each | | 77.4% | animadverto, animadverti, animadversus | notice | | 77.4% | progredior, progredi, progressus sum | advance | | 77.4% | quot? | how many? | | 77.4% | confido, confidere, confisus sum + dative | trust | | 77.4% | porta, portae | gate | | 77.4% | obsideo, obsedi, obsessus | beseige | | 75.5% | quoniam | since | | 75.5% | fides, fidei | trust | | 75.5% | infra | below | | 75.5% | occido, occidere, occidi, occisus | kill | | 75.5% | pars, partis | part | | 75.5% | tempus, temporis | time | | 75.5% | vulnero, vulnerare, vulneravi, vulneratus | wound | | 75.5% | ante + accusative | before | | 75.5% | captivus, captivi | captive | | 75.5% | obviam eo | meet | | 73.6% | occasio, occasionis | opportunity | | 73.6% | sapienta, sapientae | wisdom | | 73.6% | uxor, uxoris | wife | | 73.6% | vulnus, vulneris | wound | | 73.6% | accipio, accipere, accepi, acceptus | accept | | 73.6% | antea | before | | 73.6% | caput, capitis | head | | 73.6% | conor, conari, conatus sum | try | | 73.6% | descendo, descendere, descendi, descensus | descend | | 73.6% | egredior, egredi, egressus sum | go out | | 73.6% | filius, filii | son | | 73.6% | defessus, defessa, defessum | tired | | 71.7% | hiberna, hibernorum | winter quarters | | 71.7% | utrum | whether | | 71.7% | solvo, solvere, solvi, solutus | loose | | 71.7% | mensis, mensis | month | | 71.7% | prope + accusative | near | | 71.7% | accido, accidere, accidi | happen | | 71.7% | coniunx, coniugis | husband | | 71.7% | ego, mei | I | | 71.7% | filia, filiae | daughter | | 71.7% | parvus, parva, parvum | small | | 71.7% | porto, portare, portavi, portatus | carry | | 71.7% | teneo, tenere, tenui, tentus | hold | | 71.7% | ingredior, ingredi, ingressus sum | enter | | 71.7% | oculus, oculi | eye | | 71.7% | confero, conferre, contuli, conlatus | collect | | 69.8% | pario, parere, peperi, partus | win | | 69.8% | conficio, conficere, confeci, confectus | complete | | 69.8% | fido, fidere, fisus sum | trust | | 69.8% | hic | here | | 69.8% | hiems, hiemis | winter | | 69.8% | ingens, ingentis | huge | | 69.8% | laetus, laeta, laetum | happy | | 69.8% | mercator, mercatoris | merchant | | 69.8% | satis | enough | | 69.8% |
|
Latin | English |
somnus, somni | sleep | | 69.8% | nec, neque | and not | | 69.8% | provincia, provinciae | province | | 69.8% | sonus, soni | noise | | 69.8% | consilium, consilii | council | | 69.8% | hodie | today | | 69.8% | inimicus, inimici | enemy | | 69.8% | meus, mea, meum | my | | 69.8% | odi, odisse | hate | | 69.8% | scio, scire, scivi, scitus | know | | 69.8% | soror, sororis | sister | | 69.8% | terra, terrae | ground | | 69.8% | enim | for | | 69.8% | homo, hominis | man | | 69.8% | laudo, laudare, laudavi, laudatus | praise | | 69.8% | efficio, efficere, effeci, effectus | carry out | | 67.9% | laedo, laedere, laesi, laesus | hurt | | 67.9% | occupo, occupare, occupavi, occupatus | seize | | 67.9% | propter + accusative | on account of | | 67.9% | portus, portus | harbour | | 67.9% | antequam | before | | 67.9% | emo, emere, emi, emptus | buy | | 67.9% | finis, finis | end | | 67.9% | proximus, proxima, proximum | nearest | | 67.9% | recens, recentis | recent | | 67.9% | castra, castrorum | camp | | 67.9% | miles, militis | soldier | | 67.9% | neco, necare, necavi, necatus | kill | | 67.9% | odium, odii | hatred | | 67.9% | possum, posse, potui | can | | 67.9% | publicus, publica, publicum | public | | 67.9% | scribo, scribere, scripsi, scriptus | write | | 67.9% | ad + accusative | to | | 67.9% | appareo, apparere, apparui | appear | | 67.9% | causa, causae | cause | | 67.9% | conspicio, conspicere, conspexi, conspectus | notice | | 67.9% | dexter, dextra, dextrum | right | | 67.9% | ingenium, ingenii | character | | 66% | -ne | introduces question | | 66% | quotiens | how often? | | 66% | ne | lest | | 66% | rapio, rapere, rapui, raptus | seize | | 66% | scelus, sceleris | crime | | 66% | vultus, vultus | face | | 66% | acer, acris, acre | keen | | 66% | carus, cara, carum | dear | | 66% | necesse | necessary | | 66% | recipio, recipere, recepi, receptus | regain | | 66% | vehementer | violently | | 66% | flamma, flammae | blaze | | 66% | neglego, neglegere, neglexi, neglectus | neglect | | 66% | pater, patris | father | | 66% | post + accusative | behind | | 66% | specto, spectare, spectavi, spectatus | look at | | 66% | addo, addere, addidi, additus | add | | 66% | eo, ire | go | | 66% | flumen, fluminis | river | | 66% | hora, horae | hour | | 66% | offero, offerre, obtuli, oblatus | present | | 66% | puella, puellae | girl | | 66% | recito, recitare, recitavi, recitatus | recite | | 66% | timeo, timere, timui | fear | | 66% | consul, consulis | consul | | 66% | dico, dicere, dixi, dictus | say | | 66% | egeo, egere, egui +genitive or ablative | need | | 64.2% | latus, lata, latum | wide | | 64.2% | metus, metus | fear | | 64.2% | validus, valida, validum | strong | | 64.2% | acies, aciei | line | | 64.2% | despero, desperare, desperavi, desperatus | despair | | 64.2% | fio, fieri, factus sum | become | | 64.2% | terreo, terrere, terrui, territus | frighten | | 64.2% | honor, honoris | honour | | 64.2% | laus, laudis | praise | | 64.2% | terror, terroris | terror | | 64.2% | appropinquo, appropinquare, appropinquavi + dative | approach | | 64.2% | constituo, constituere, constitui, constitutus | decide | | 64.2% | dextra, dextrae | right hand | | 64.2% | iniuria, iniuriae | injustice | | 64.2% | patior, pati, passus sum | suffer | | 64.2% | post | afterwards | | 64.2% | vel | or | | 64.2% | epistula, epistulae | letter | | 64.2% | legio, legionis | legion | | 64.2% | miror, mirari, miratus sum | wonder at | | 64.2% | postea | afterwards | | 64.2% | puer, pueri | boy | | 64.2% | secundus, secunda, secundum | following | | 64.2% | spero, sperare, speravi, speratus | hope | | 64.2% | timor, timoris | fear | | 64.2% | aqua, aquae | water | | 64.2% | hinc | from here | | 62.3% | ratio, rationis | account | | 62.3% | tergum, tergi | back | | 62.3% | latus, lateris | side | | 62.3% | posco, poscere, poposci | demand | | 62.3% | spatium, spatii | interval | | 62.3% | initium, initii | beginning | | 62.3% | pudor, pudoris | shame | | 62.3% | veho, vehere, vexi, vectus | carry | | 62.3% |
|
Latin | English |
legatus, legati | commander | | 62.3% | nego, negare, negavi, negatus | say no | | 62.3% | se, sui | himself | | 62.3% | adeo | so much | | 62.3% | apud + accusative | among | | 62.3% | hortor, hortari, hortatus sum | urge | | 62.3% | dies, diei | day | | 62.3% | eques, equitis | knight | | 62.3% | lego, legere, legi, lectus | read | | 62.3% | miser, misera, miserum | miserable | | 62.3% | nemo, nullius | no one | | 62.3% | olim | once | | 62.3% | pauci, paucae, pauca | few | | 62.3% | postquam | after | | 62.3% | pugna, pugnae | fight | | 62.3% | reddo, reddere, reddidi, redditus | give back | | 62.3% | sed | but | | 62.3% | spes, spei | hope | | 62.3% | tollo, tollere, sustuli, sublatus | raise | | 62.3% | venio, venire, veni | come | | 62.3% | celer, celeris, celere | quick | | 62.3% | consumo, consumere, consumpsi, consumptus | eat | | 62.3% | denique | at last | | 60.4% | valeo, valere, valui | be strong | | 60.4% | passus, passus | pace | | 60.4% | -ve | or | | 60.4% | aperio, aperire, aperui, apertus | open | | 60.4% | iniquus, iniqua, iniquum | unfair | | 60.4% | scutum, scuti | shield | | 60.4% | mirabilis, miravile | strange | | 60.4% | rectus, recta, rectum | straight | | 60.4% | aquila, aquilae | eagle | | 60.4% | difficilis, difficile | difficult | | 60.4% | equus, equi | horse | | 60.4% | hostis, hostis | enemy | | 60.4% | lentus, lenta, lentum | slow | | 60.4% | mitto, mittere, misi, missus | send | | 60.4% | nescio, nescire, nescivi | not know | | 60.4% | consisto, consistere, constiti, constitus | halt | | 58.5% | minor, minari, minatus sum + dative | threaten | | 58.5% | caveo, cavere, cavi, cautus | beware | | 58.5% | fodio, fodere, fodi, fossus | dig | | 58.5% | inopia, inopiae | shortage | | 58.5% | negotium, negotii | business | | 58.5% | officium, officii | duty | | 58.5% | patria, patriae | homeland | | 58.5% | consulo, consulere, consului, consultus | consult | | 58.5% | foedus, foederis | treaty | | 58.5% | hospes, hospitis | guest | | 58.5% | fortasse | perhaps | | 58.5% | insidiae, insidiarum | ambush | | 58.5% | pugno, pugnare, pugnavi | fight | | 58.5% | redeo, redire, redii | return | | 58.5% | spolium, spolii | booty | | 58.5% | tot | so many | | 58.5% | ventus, venti | wind | | 58.5% | ara, arae | altar | | 58.5% | celo, celare, celavi, celatus | hide | | 58.5% | eo | thither | | 56.6% | inquam, inquit, inquiunt | say | | 56.6% | sedes, sedis | seat | | 56.6% | contendo, contendere, contendi, contentus | hurry | | 56.6% | forte | by chance | | 56.6% | huc | here | | 56.6% | levis, leve | light | | 56.6% | nihil | nothing | | 56.6% | omnis, omne | all | | 56.6% | desino, desinere, desii, desitus | cease | | 54.7% | causa + genitive | for the sake of | | 54.7% | sperno, spernere, sprevi, spretus | despise | | 54.7% | adhuc | till now | | 54.7% | adimo, adimere, ademi, ademptus | take away | | 54.7% | dignitas, dignitatis | rank | | 54.7% | erga + accusative | towards | | 54.7% | punio, punire, punivi, punitus | punish | | 54.7% | passim | in all directions | | 52.8% | omitto, omittere, omisi, omissus | neglect | | 52.8% | paulatim | gradually | | 52.8% | adipiscor, adipisci, adeptus sum | obtain | | 52.8% | postridie | on the next day | | 52.8% | statim | at once | | 52.8% | totus, tota, totum | the whole | | 52.8% | verbum, verbi | word | | 52.8% | adiuvo, adiuvare, adiuvi, adiutus | help | | 52.8% | arbor, arboris | tree | | 52.8% | centurio, centurionis | centurion | | 52.8% | contra + accusative | against | | 52.8% | dignus, digna, dignum + ablative | worthy | | 52.8% | ergo | therefore | | 52.8% | fortis, forte | brave | | 52.8% | humus, humi | ground | | 52.8% | inspicio, inspicere, inspexi, inspectus | look at | | 52.8% | velut | just as | | 50.9% | postremus, postrema, postremum | last | | 50.9% | refero, referre, rettuli, relatus | bring back | | 50.9% | insignis, insigne | distinguished | | 49.1% | semel | once | | 49.1% | cedo, cedere, cessi, cessus | yield | | 47.2% | modo | just now | | 47.2% | paulisper | for a short time | | 45.3% |
|
Comments